000 00956nas a2200301 454500
001 43752
005 20260407193511.0
008 260407s1990####ag###########|||spa#d
003 AR-UNSa-BCEJYS
040 _aAR-UNSa-BCEJYS
_bspa
_cAR-UNSa-BCEJYS
080 _a330.34
_xDesarrollo Económico
245 1 0 _aProceedings of the World Bank Annual Conference on Development Economics
022 _a1014-7268
264 1 _aWashington :
_bThe World Bank
_c1990
310 _aFrecuencia: Anual
041 _aspa
942 _cSER
590 _aniveau_biblio:s niveau_hierar:1
100 1 _aThe World Bank
700 1 _aSummers, Lawrence H.
700 1 _aShah, Shekhar
650 _aCondiciones económicas
650 _aMercado financiero
650 _aPolítica financiera
650 _aECONOMIA INTERNACIONAL
650 _aDESARROLLO ECONOMICO
856 4 1 _uhttps://biblioeco.unsa.edu.ar/pmb/images/revistas/R21368.jpg
_yImagen de portada
_qimage/jpeg
999 _c8911
_d8911